| 000 | 01296nam a2200325 a 4500 | ||
|---|---|---|---|
| 001 | 000022556 | ||
| 003 | DO-SdBNP | ||
| 005 | 20210914101016.0 | ||
| 008 | 101013s 2007 dr a 001 0 spa d | ||
| 020 | _a9789945421170 | ||
| 040 |
_aDO-SdBNP _bspa _cBNPHU |
||
| 049 | _aBNPD | ||
| 082 | 4 |
_aBNPHU 926.1729356 _bC231s, 2007 |
|
| 100 | 1 |
_aCantisano Arias, Rafael, _d1927- _946426 |
|
| 245 | 1 | 0 |
_aSantiago y sus servicios médicos / _cRafael Cantisano Arias ; prólogo Guarocuya Batista del Villar. |
| 250 | _a2a ed. | ||
| 260 |
_aSanto Domingo : _bAmigo del Hogar, _c2007. |
||
| 300 |
_a502 p. ; _c23 cm. |
||
| 500 | _aIncluye referencias bibliográficas y notas al pie de páginas e índice onomástico | ||
| 504 | _aBibliografía : p. 481-482 | ||
| 590 | _aInventariado, 2021/BT | ||
| 650 | 1 | 4 |
_aMédicos _xBiografías _zSantiago (República Dominicana{Rpara} _946427 |
| 650 | 1 | 4 |
_aMedicina _xSantiago (república dominicana) _946428 |
| 650 | 1 | 4 |
_aHospitales _xHistoria _zSantiago (República Dominicana{Rpara} _946429 |
| 650 | 1 | 4 |
_aCiudades y pueblos _zRepública Dominicana _9784 |
| 651 | 1 | 4 |
_aSantiago (República Dominicana{Rpara} _xHistoria Local _946430 |
| 700 | 1 |
_aBatista del Villar, Guarocuya, _epról. _920408 |
|
| 910 | _aValidado. Control de calidad MMOLINA | ||
| 942 |
_2ddc _cLBS1 |
||
| 999 |
_c22053 _d22053 |
||